000 00662nam a2200217 a 4500
001 000040057
005 20201002033907.0
008 130805s2005 sp 000 0 spa d
020 _a8498150043
040 _aDO-SdBNP
_bspa
_cBNPHU
082 _a862.3
_bC146a
100 1 _aCalderón de la Barca, Pedro,
_d1600-1681
_95547
245 1 0 _aEl alcalde de Zalamea /
_cPedro Calderón de la Barca.
260 _aMadrid :
_bEl pais,
_c2005.
300 _a127 p. ;
_c21 cm.
490 1 _aClásicos españoles ;
590 _aInventariado, 2019/ YL
650 4 _aTeatro español
_93071
650 4 _aLiteratura española
_9632
830 0 _aClásicos españoles
_966312
999 _c39547
_d39547